The fateful triangle : (Record no. 15669)

000 -LEADER
fixed length control field 01580nam a2200205 a 4500
001 - CONTROL NUMBER
control field ASIN0745315305
005 - DATE AND TIME OF LATEST TRANSACTION
control field 20170105102923.0
008 - FIXED-LENGTH DATA ELEMENTS--GENERAL INFORMATION
fixed length control field 131209s1999 xxu eng d
020 ## - INTERNATIONAL STANDARD BOOK NUMBER
International Standard Book Number 8190109863 (paperback)
Terms of availability $100.00
020 ## - INTERNATIONAL STANDARD BOOK NUMBER
International Standard Book Number 9780745315300 (paperback)
040 ## - CATALOGING SOURCE
Original cataloging agency 0
100 1# - MAIN ENTRY--PERSONAL NAME
Personal name Chomsky, Noam.
245 14 - TITLE STATEMENT
Title The fateful triangle :
Remainder of title the united states, israel and the palestinians /
Statement of responsibility, etc. Noam Chomsky.
250 ## - EDITION STATEMENT
Edition statement Updated.
260 ## - PUBLICATION, DISTRIBUTION, ETC.
Place of publication, distribution, etc. [S.l.] :
Name of publisher, distributor, etc. Pluto Press,
Date of publication, distribution, etc. 1999.
300 ## - PHYSICAL DESCRIPTION
Extent 600 p. ;
Dimensions 23 cm.
520 ## - SUMMARY, ETC.
Summary, etc. Since its original publication in 1983, Fateful Triangle has become a classic in the fields of political science and Middle East affairs. This new edition features new chapters and a new introduction by Noam Chomsky and a foreword by Edward Said. Examining America's search for a 'reliable ally' in the Middle East, Chomsky untangles the intricacies of the US-Israeli-Palestinian relationship and lays bare the contortions, lies and misinformation that have been used over the years to obscure the real agenda. In the process he reveals the extent to which modern nation-states make claims for peace while actively pursuing very different objectives. In three new chapters Chomsky examines the Palestinian Uprising, the 'Limited War' in Lebanon and the Israeli-PLO Accords after the Oslo signings. This is a timely and much-needed corrective to the mythmaking that has obscured the real history of peace negotiations in the Middle East.
856 40 - ELECTRONIC LOCATION AND ACCESS
Materials specified Amazon.com
Uniform Resource Identifier <a href="http://www.amazon.com/exec/obidos/ASIN/0745315305/chopaconline-20">http://www.amazon.com/exec/obidos/ASIN/0745315305/chopaconline-20</a>
942 ## - ADDED ENTRY ELEMENTS (KOHA)
Source of classification or shelving scheme
Koha item type Book
Holdings
Withdrawn status Lost status Damaged status Not for loan Collection code Permanent Location Current Location Shelving location Date acquired Total Checkouts Full call number Barcode Date last seen Date last checked out Price effective from Koha item type
          Centre for International Peace & Stability (CIPS) Centre for International Peace & Stability (CIPS) General Stacks 10/01/2013 1 327.7305694 CHO 1999 CIPS0001240 10/02/2025 09/15/2025 12/09/2013 Book
© 2023 Central Library, National University of Sciences and Technology. All Rights Reserved.